| 000 | 00449nam a22001817a 4500 | ||
|---|---|---|---|
| 003 | NUST - PNEC | ||
| 005 | 20170116181152.0 | ||
| 008 | 151205b xxu||||| |||| 00| 0 eng d | ||
| 020 | _a- | ||
| 040 | _cLIBRARY | ||
| 082 | _a621.942 BOG | ||
| 100 |
_915577 _aBoguslavskij, B. L |
||
| 245 |
_a Automatic and semi-automatic lathes _cB. L,Boguslavskij |
||
| 250 | _a1st ed | ||
| 260 | _c- | ||
| 650 |
_915578 _aLathes _xGeneral |
||
| 942 |
_2ddc _cBK |
||
| 999 |
_c71027 _d71027 |
||